Here Comes The Sun - The Beatles (All Lyrics) - Statistics

General Stats
  • This quiz has been taken 382 times
  • The average score is 144 of 166
Answer Stats
Lyrics % Correct
comes
100%
here
100%
sun,
100%
sun
100%
the
100%
a
99%
I
99%
it
97%
it's
97%
alright
94%
say
93%
and
91%
darlin',
88%
darlin'
88%
little
86%
been
84%
long,
74%
winter
74%
since
73%
like
68%
lonely
66%
cold,
65%
feel
65%
doo
64%
years
63%
feels
58%
seems
55%
is
52%
to
51%
melting
44%
slowly
44%
faces
43%
ice
42%
smiles
39%
returning
38%
that
38%
clear
33%
their
32%
No matching quizzes found
Score Distribution
Percent of People with Each Score
Percentile by Number Answered
Your Score History
You have not taken this quiz